<?xml version="1.0" encoding="UTF-8"?>
<record
    xmlns:xsi="http://www.w3.org/2001/XMLSchema-instance"
    xsi:schemaLocation="http://www.loc.gov/MARC21/slim http://www.loc.gov/standards/marcxml/schema/MARC21slim.xsd"
    xmlns="http://www.loc.gov/MARC21/slim">

  <leader>00843cam0a2200277 i 4500</leader>
  <datafield tag="999" ind1=" " ind2=" ">
    <subfield code="c">6828</subfield>
    <subfield code="d">6828</subfield>
  </datafield>
  <controlfield tag="001">00639987</controlfield>
  <controlfield tag="003">yeezen</controlfield>
  <controlfield tag="005">20201023132930.0</controlfield>
  <controlfield tag="008">                                   chi  </controlfield>
  <datafield tag="010" ind1="0" ind2=" ">
    <subfield code="b">&#x5E73;&#x88DD;</subfield>
  </datafield>
  <datafield tag="020" ind1=" " ind2=" ">
    <subfield code="a">978-986-85606-0-4</subfield>
  </datafield>
  <datafield tag="042" ind1=" " ind2=" ">
    <subfield code="a">nbic</subfield>
  </datafield>
  <datafield tag="210" ind1=" " ind2=" ">
    <subfield code="a">&#x81FA;&#x5317;&#x5E02;</subfield>
  </datafield>
  <datafield tag="245" ind1=" " ind2=" ">
    <subfield code="a">&#x5FEB;&#x6A02;&#x8207;&#x75DB;&#x82E6;</subfield>
    <subfield code="c">&#x4EC1;&#x6B3D;&#x591A;&#x5409;&#x4EC1;&#x6CE2;&#x5207;</subfield>
  </datafield>
  <datafield tag="260" ind1="1" ind2=" ">
    <subfield code="a">&#x53F0;&#x5317;&#x5E02;</subfield>
    <subfield code="b">&#x5BF6;&#x5409;&#x7965;</subfield>
    <subfield code="c">2009</subfield>
  </datafield>
  <datafield tag="700" ind1=" " ind2="0">
    <subfield code="a">&#x4EC1;&#x6B3D;&#x591A;&#x5409;</subfield>
    <subfield code="4">&#x53E3;&#x8FF0;</subfield>
  </datafield>
  <datafield tag="942" ind1=" " ind2=" ">
    <subfield code="2">ccl</subfield>
    <subfield code="c">BOOK</subfield>
  </datafield>
  <datafield tag="952" ind1=" " ind2=" ">
    <subfield code="0">0</subfield>
    <subfield code="1">0</subfield>
    <subfield code="2">ccl</subfield>
    <subfield code="4">0</subfield>
    <subfield code="7">0</subfield>
    <subfield code="a">yeezen</subfield>
    <subfield code="b">yeezen</subfield>
    <subfield code="d">2018-05-08</subfield>
    <subfield code="l">2</subfield>
    <subfield code="m">2</subfield>
    <subfield code="o">226.965</subfield>
    <subfield code="p">C02405</subfield>
    <subfield code="r">2024-01-24 00:00:00</subfield>
    <subfield code="s">2024-01-08</subfield>
    <subfield code="w">2018-05-08</subfield>
    <subfield code="y">BOOK</subfield>
  </datafield>
</record>
